Protected cultivation of horticultural crops (Record no. 15451)
[ view plain ]
| 000 -LEADER | |
|---|---|
| fixed length control field | 00354nam a22001337a 4500 |
| 020 ## - INTERNATIONAL STANDARD BOOK NUMBER | |
| ISBN | 9789383305155 |
| 082 ## - DEWEY DECIMAL CLASSIFICATION NUMBER | |
| Classification number | 633.83 |
| Item number | SIN/PR |
| 100 ## - MAIN ENTRY--AUTHOR NAME | |
| Personal name | Singh ,D K . |
| 245 ## - TITLE STATEMENT | |
| Title | Protected cultivation of horticultural crops |
| 260 ## - PUBLICATION, DISTRIBUTION, ETC. (IMPRINT) | |
| Place of publication | New delhi ; |
| Name of publisher | New india publishing agency , |
| Year of publication | 2014. |
| 300 ## - PHYSICAL DESCRIPTION | |
| Number of Pages | 464p;. |
| 700 ## - ADDED ENTRY--PERSONAL NAME | |
| Personal name | Peter , K V. |
| 942 ## - ADDED ENTRY ELEMENTS (KOHA) | |
| Koha item type | Books |
| Withdrawn status | Lost status | Damaged status | Home library | Current library | Date acquired | Cost, normal purchase price | Full call number | Accession Number | Koha item type |
|---|---|---|---|---|---|---|---|---|---|
| KAUAET | KAUAET | 05/06/2018 | 4195.00 | 633.83 SIN/PR | 25740 | Books |
